{"text_format":"3","workbook":"xlsx","n_sheets":1,"sheets":["2023年劳保用品控制价"],"not_rendered":{"defined_names":2},"read":"whole","date_system":"1900"}

{"sheet":"2023年劳保用品控制价","index":0,"n_rows":308,"n_cols":7,"rows_kept":308,"merged":[[0,0,0,6],[306,0,306,5],[307,0,307,6]]}
["2023年劳保用品控制价"]
["序号","商品名称","规格","单位","数量","单价","金额"]
[1,"120升垃圾桶","120升","个",{"v":10,"d":"10.00"},{"v":120,"d":"120.00"},{"$f":"E3*F3","v":{"v":1200,"d":"1,200.00"}}]
[2,"1号电池",null,"节",{"v":5,"d":"5.00"},{"v":7,"d":"7.00"},{"$f":"E4*F4","v":{"v":35,"d":"35.00"}}]
[3,"25水管","友联","卷",{"v":12,"d":"12.00"},{"v":260,"d":"260.00"},{"v":3120,"d":"3,120.00"}]
[4,"25水管","广盛发","卷",{"v":6,"d":"6.00"},{"v":240,"d":"240.00"},{"v":1440,"d":"1,440.00"}]
[5,"25水管","友联","卷",{"v":6,"d":"6.00"},{"v":260,"d":"260.00"},{"v":1560,"d":"1,560.00"}]
[6,"2T机油","爱驰","瓶",{"v":3,"d":"3.00"},{"v":30,"d":"30.00"},{"v":90,"d":"90.00"}]
[7,"2T机油","坪木","瓶",{"v":4,"d":"4.00"},{"v":30,"d":"30.00"},{"v":120,"d":"120.00"}]
[8,"32加厚加长水管","友联","卷",{"v":3,"d":"3.00"},{"v":405,"d":"405.00"},{"v":1215,"d":"1,215.00"}]
[9,"32加压水管","友联","卷",{"v":4,"d":"4.00"},{"v":285,"d":"285.00"},{"v":1140,"d":"1,140.00"}]
[10,"32加压水管","广盛发","卷",{"v":3,"d":"3.00"},{"v":285,"d":"285.00"},{"v":855,"d":"855.00"}]
[11,"40CM拖把",null,"把",{"v":20,"d":"20.00"},{"v":15,"d":"15.00"},{"v":300,"d":"300.00"}]
[12,"4T机油","伐木者","瓶",{"v":8,"d":"8.00"},{"v":25,"d":"25.00"},{"v":200,"d":"200.00"}]
[13,"4公斤灭火器","加粉","个",{"v":20,"d":"20.00"},{"v":26,"d":"26.00"},{"v":520,"d":"520.00"}]
[14,"5公分减速带",null,"块",{"v":20,"d":"20.00"},{"v":35,"d":"35.00"},{"v":700,"d":"700.00"}]
[15,"5公斤灭火器",null,"个",{"v":5,"d":"5.00"},{"v":60,"d":"60.00"},{"v":300,"d":"300.00"}]
[16,"5公斤灭火器","加粉","个",{"v":20,"d":"20.00"},{"v":32.5,"d":"32.50"},{"v":650,"d":"650.00"}]
[17,"5公斤灭火器箱",null,"个",{"v":20,"d":"20.00"},{"v":35,"d":"35.00"},{"v":700,"d":"700.00"}]
[18,"60CM拖把",null,"把",{"v":20,"d":"20.00"},{"v":35,"d":"35.00"},{"v":700,"d":"700.00"}]
[19,"65接扣",null,"个",{"v":20,"d":"20.00"},{"v":18,"d":"18.00"},{"v":360,"d":"360.00"}]
[20,"65水枪",null,"个",{"v":20,"d":"20.00"},{"v":15,"d":"15.00"},{"v":300,"d":"300.00"}]
[21,"65消防水带","25m","卷",{"v":20,"d":"20.00"},{"v":65,"d":"65.00"},{"v":1300,"d":"1,300.00"}]
[22,"6米伸缩杆",null,"根",{"v":7,"d":"7.00"},{"v":75,"d":"75.00"},{"v":525,"d":"525.00"}]
[23,"84消毒液","3.75升/瓶","瓶",{"v":20,"d":"20.00"},{"v":25,"d":"25.00"},{"v":500,"d":"500.00"}]
[24,"PVC软胶垫",null,"平方",{"v":10,"d":"10.00"},{"v":75,"d":"75.00"},{"v":750,"d":"750.00"}]
[25,"U型路障",null,"个",{"v":20,"d":"20.00"},{"v":75,"d":"75.00"},{"v":1500,"d":"1,500.00"}]
[26,"安全帽","梅安思","顶",{"v":20,"d":"20.00"},{"v":20,"d":"20.00"},{"v":400,"d":"400.00"}]
[27,"半胶手套","宏利","双",{"v":100,"d":"100.00"},{"v":1.8,"d":"1.80"},{"v":180,"d":"180.00"}]
[28,"半胶手套","亿利星","双",{"v":50,"d":"50.00"},{"v":2.4,"d":"2.40"},{"v":120,"d":"120.00"}]
[29,"半胶手套","顶牛","双",{"v":20,"d":"20.00"},{"v":2.5,"d":"2.50"},{"v":50,"d":"50.00"}]
[30,"绑带","尼龙","捆",{"v":15,"d":"15.00"},{"v":85,"d":"85.00"},{"v":1275,"d":"1,275.00"}]
[31,"编织袋",null,"只",{"v":5000,"d":"5,000.00"},{"v":0.7,"d":"0.70"},{"v":3500,"d":"3,500.00"}]
[32,"玻璃刮刷","带杆子","把",{"v":9,"d":"9.00"},{"v":28,"d":"28.00"},{"v":252,"d":"252.00"}]
[33,"玻璃刮刷头",null,"只",{"v":20,"d":"20.00"},{"v":8.5,"d":"8.50"},{"v":170,"d":"170.00"}]
[34,"玻璃水",null,"瓶",{"v":20,"d":"20.00"},{"v":20,"d":"20.00"},{"v":400,"d":"400.00"}]
[35,"簸箕","仁心","个",{"v":10,"d":"10.00"},{"v":42,"d":"42.00"},{"v":420,"d":"420.00"}]
[36,"草帽","常规","顶",{"v":50,"d":"50.00"},{"v":12,"d":"12.00"},{"v":600,"d":"600.00"}]
[37,"草坪喷头","合金","个",{"v":60,"d":"60.00"},{"v":12,"d":"12.00"},{"v":720,"d":"720.00"}]
[38,"草酸","15公斤/桶 草酸清洁剂泛碱泛白去碱剂","桶",{"v":8,"d":"8.00"},{"v":200,"d":"200.00"},{"v":1600,"d":"1,600.00"}]
[39,"刹车油","博士1*10","箱",{"v":1,"d":"1.00"},{"v":400,"d":"400.00"},{"v":400,"d":"400.00"}]
[40,"乘风抽纸","袋装1*90","袋",{"v":5,"d":"5.00"},{"v":90,"d":"90.00"},{"v":450,"d":"450.00"}]
[41,"齿轮油","美浮","瓶",{"v":20,"d":"20.00"},{"v":70,"d":"70.00"},{"v":1400,"d":"1,400.00"}]
[42,"抽纸","心相印1*48","箱",{"v":8,"d":"8.00"},{"v":135,"d":"135.00"},{"v":1080,"d":"1,080.00"}]
[43,"撮箕","仁心","个",{"v":20,"d":"20.00"},{"v":8,"d":"8.00"},{"v":160,"d":"160.00"}]
[44,"打草机头",null,"个",{"v":2,"d":"2.00"},{"v":80,"d":"80.00"},{"v":160,"d":"160.00"}]
[45,"大垃圾袋","2000个/袋 ","袋",{"v":12,"d":"12.00"},{"v":530,"d":"530.00"},{"v":6360,"d":"6,360.00"}]
[46,"大垃圾桶","240升加厚","个",{"v":7,"d":"7.00"},{"v":234,"d":"234.00"},{"v":1638,"d":"1,638.00"}]
[47,"大垃圾桶","240升普通厚","个",{"v":6,"d":"6.00"},{"v":150,"d":"150.00"},{"v":900,"d":"900.00"}]
[48,"大排拖","80公分","把",{"v":14,"d":"14.00"},{"v":18,"d":"18.00"},{"v":252,"d":"252.00"}]
[49,"大瓶洗手液",null,"瓶",{"v":13,"d":"13.00"},{"v":35,"d":"35.00"},{"v":455,"d":"455.00"}]
[50,"大桶洗洁精","立白","桶",{"v":11,"d":"11.00"},{"v":35,"d":"35.00"},{"v":385,"d":"385.00"}]
[51,"大桶洗洁精","雕牌","桶",{"v":12,"d":"12.00"},{"v":35,"d":"35.00"},{"v":420,"d":"420.00"}]
[52,"大桶洗手液","康雅","瓶",{"v":13,"d":"13.00"},{"v":35,"d":"35.00"},{"v":455,"d":"455.00"}]
[53,"大吸水拖把",null,"把",{"v":10,"d":"10.00"},{"v":35,"d":"35.00"},{"v":350,"d":"350.00"}]
[54,"大竹扫把",null,"把",{"v":20,"d":"20.00"},{"v":13,"d":"13.00"},{"v":260,"d":"260.00"}]
[55,"滴灌袋",null,"个",{"v":5,"d":"5.00"},{"v":28,"d":"28.00"},{"v":140,"d":"140.00"}]
[56,"地插",null,"套",{"v":20,"d":"20.00"},{"v":20,"d":"20.00"},{"v":400,"d":"400.00"}]
[57,"地插插头","雨润","套",{"v":20,"d":"20.00"},{"v":20,"d":"20.00"},{"v":400,"d":"400.00"}]
[58,"地插插头","雨润","套",{"v":20,"d":"20.00"},{"v":10,"d":"10.00"},{"v":200,"d":"200.00"}]
[59,"地垫",null,"平方",{"v":20,"d":"20.00"},{"v":25,"d":"25.00"},{"v":500,"d":"500.00"}]
[60,"地刷",null,"把      ",{"v":20,"d":"20.00"},{"v":12,"d":"12.00"},{"v":240,"d":"240.00"}]
[61,"电池补充液","1*20","箱",{"v":20,"d":"20.00"},{"v":25,"d":"25.00"},{"v":500,"d":"500.00"}]
[62,"电动打药桶","协友","个",{"v":3,"d":"3.00"},{"v":200,"d":"200.00"},{"v":600,"d":"600.00"}]
[63,"电瓶水","1*20","箱",{"v":40,"d":"40.00"},{"v":25,"d":"25.00"},{"v":1000,"d":"1,000.00"}]
[64,"钓鱼竿",null,"付",{"v":20,"d":"20.00"},{"v":35,"d":"35.00"},{"v":700,"d":"700.00"}]
[65,"帆布手套","宏利","双",{"v":500,"d":"500.00"},1.85,{"v":925,"d":"925.00"}]
[66,"帆布手套","仁心","双",{"v":2000,"d":"2,000.00"},{"v":1.7,"d":"1.70"},{"$f":"E68*F68","v":{"v":3400,"d":"3,400.00"}}]
[67,"防爆鞋","三奇安","双",{"v":6,"d":"6.00"},{"v":78,"d":"78.00"},{"v":468,"d":"468.00"}]
[68,"防毒 面具","保为康","个",{"v":20,"d":"20.00"},{"v":18,"d":"18.00"},{"v":360,"d":"360.00"}]
[69,"防护服",null,"套",{"v":20,"d":"20.00"},{"v":25,"d":"25.00"},{"v":500,"d":"500.00"}]
[70,"防泥布",null,"卷",{"v":7,"d":"7.00"},{"v":75,"d":"75.00"},{"v":525,"d":"525.00"}]
[71,"防水胶垫",null,"平方",{"v":20,"d":"20.00"},{"v":45,"d":"45.00"},{"v":900,"d":"900.00"}]
[72,"防水围裙",null,"条",{"v":20,"d":"20.00"},{"v":15,"d":"15.00"},{"v":300,"d":"300.00"}]
[73,"防真草皮","2.0带胶","平方",{"v":20,"d":"20.00"},{"v":18,"d":"18.00"},{"v":360,"d":"360.00"}]
[74,"防撞柱",null,"根",{"v":20,"d":"20.00"},{"v":15,"d":"15.00"},{"v":300,"d":"300.00"}]
[75,"仿生草皮","1.5带胶 1.5CM高","卷",{"v":10,"d":"10.00"},{"v":375,"d":"375.00"},{"v":3750,"d":"3,750.00"}]
[76,"仿真草皮","1.0不带胶","平方",{"v":20,"d":"20.00"},{"v":5,"d":"5.00"},{"v":100,"d":"100.00"}]
[77,"分类垃圾箱","三分类不锈钢","个",{"v":2,"d":"2.00"},{"v":550,"d":"550.00"},{"v":1100,"d":"1,100.00"}]
[78,"分类垃圾箱","四分类锌钢 ","个",{"v":1,"d":"1.00"},504.21,504.21]
[79,"分类垃圾箱","四分类不锈钢","个",{"v":1,"d":"1.00"},797.48,797.48]
[80,"分类垃圾箱","三分类不锈钢","个",{"v":1,"d":"1.00"},{"v":550,"d":"550.00"},{"v":550,"d":"550.00"}]
[81,"分类垃圾箱","四分类锌钢","个",{"v":1,"d":"1.00"},504.21,504.21]
[82,"分类垃圾箱","四分类不锈钢","个",{"v":1,"d":"1.00"},797.48,797.48]
[83,"钢丝球","仁心","个",{"v":20,"d":"20.00"},{"v":0.8,"d":"0.80"},{"v":16,"d":"16.00"}]
[84,"高端亮晶马甲",null,"件",{"v":100,"d":"100.00"},{"v":30,"d":"30.00"},{"v":3000,"d":"3,000.00"}]
[85,"高压管","钢丝管","米",{"v":20,"d":"20.00"},{"v":25,"d":"25.00"},{"v":500,"d":"500.00"}]
[86,"高压手套","12kv","双",{"v":16,"d":"16.00"},{"v":48,"d":"48.00"},{"v":768,"d":"768.00"}]
[87,"高压鞋","三奇安","双",{"v":20,"d":"20.00"},{"v":28,"d":"28.00"},{"v":560,"d":"560.00"}]
[88,"工作服","涤纶棉","套",{"v":14,"d":"14.00"},{"v":95,"d":"95.00"},{"v":1330,"d":"1,330.00"}]
[89,"固体芳香剂",null,"瓶",{"v":20,"d":"20.00"},{"v":8,"d":"8.00"},{"v":160,"d":"160.00"}]
[90,"广角镜",null,"个",{"v":5,"d":"5.00"},{"v":90,"d":"90.00"},{"v":450,"d":"450.00"}]
[91,"海绵拖把","仁心","把",{"v":20,"d":"20.00"},{"v":18,"d":"18.00"},{"v":360,"d":"360.00"}]
[92,"喊话器","亿邦110","个",{"v":12,"d":"12.00"},{"v":85,"d":"85.00"},{"v":1020,"d":"1,020.00"}]
[93,"喊话器","亿邦781","个 ",{"v":13,"d":"13.00"},{"v":65,"d":"65.00"},{"v":845,"d":"845.00"}]
[94,"合金喷头",null,"个",{"v":20,"d":"20.00"},{"v":12,"d":"12.00"},{"v":240,"d":"240.00"}]
[95,"红地毯",null,"平方",{"v":20,"d":"20.00"},{"v":25,"d":"25.00"},{"v":500,"d":"500.00"}]
[96,"灰色加厚胶垫",null,"平方",{"v":2,"d":"2.00"},{"v":95,"d":"95.00"},{"v":190,"d":"190.00"}]
[97,"机油","爱驰","瓶",{"v":4,"d":"4.00"},{"v":45,"d":"45.00"},{"v":180,"d":"180.00"}]
[98,"鸡毛掸子","仁心","把",{"v":20,"d":"20.00"},{"v":15,"d":"15.00"},{"v":300,"d":"300.00"}]
[99,"加厚路障",null,"个",{"v":20,"d":"20.00"},{"v":30,"d":"30.00"},{"v":600,"d":"600.00"}]
[100,"减速带",null,"米",{"v":5,"d":"5.00"},{"v":48,"d":"48.00"},{"v":240,"d":"240.00"}]
[101,"减速带",null," 个",{"v":20,"d":"20.00"},{"v":24,"d":"24.00"},{"v":480,"d":"480.00"}]
[102,"减速带接扣",null,"个",{"v":20,"d":"20.00"},{"v":10,"d":"10.00"},{"v":200,"d":"200.00"}]
[103,"减速带尾端",null," 个",{"v":20,"d":"20.00"},{"v":12,"d":"12.00"},{"v":240,"d":"240.00"}]
[104,"胶水","友联","瓶",{"v":20,"d":"20.00"},{"v":15,"d":"15.00"},{"v":300,"d":"300.00"}]
[105,"胶水",null,"瓶",{"v":20,"d":"20.00"},{"v":10,"d":"10.00"},{"v":200,"d":"200.00"}]
[106,"接头",null,"个",{"v":20,"d":"20.00"},{"v":3,"d":"3.00"},{"v":60,"d":"60.00"}]
[107,"洁厕剂","1*24","箱",{"v":8,"d":"8.00"},{"v":135,"d":"135.00"},{"v":1080,"d":"1,080.00"}]
[108,"洁厕剂","大瓶","瓶",{"v":20,"d":"20.00"},{"v":25,"d":"25.00"},{"v":500,"d":"500.00"}]
[109,"洁厕净","衡跃","瓶",{"v":20,"d":"20.00"},{"v":4.5,"d":"4.50"},{"v":90,"d":"90.00"}]
[110,"金装抽纸","心相印1*48","箱",{"v":9,"d":"9.00"},{"v":265,"d":"265.00"},{"v":2385,"d":"2,385.00"}]
[111,"警戒带","100米/卷","卷",{"v":20,"d":"20.00"},{"v":11,"d":"11.00"},{"v":220,"d":"220.00"}]
[112,"警戒带","50米/卷","卷",{"v":20,"d":"20.00"},{"v":8.5,"d":"8.50"},{"v":170,"d":"170.00"}]
[113,"酒精","500MM","瓶",{"v":20,"d":"20.00"},{"v":12,"d":"12.00"},{"v":240,"d":"240.00"}]
[114,"酒精消毒液","100MM","瓶",{"v":20,"d":"20.00"},{"v":7,"d":"7.00"},{"v":140,"d":"140.00"}]
[115,"救生圈",null,"个",{"v":10,"d":"10.00"},{"v":48,"d":"48.00"},{"v":480,"d":"480.00"}]
[116,"救生圈",null,"个",{"v":10,"d":"10.00"},{"v":53,"d":"53.00"},{"v":530,"d":"530.00"}]
[117,"救生绳",null,"条",{"v":20,"d":"20.00"},{"v":35,"d":"35.00"},{"v":700,"d":"700.00"}]
[118,"救生衣",null,"件",{"v":20,"d":"20.00"},{"v":16,"d":"16.00"},{"v":320,"d":"320.00"}]
[119,"空气清新剂",null,"瓶",{"v":20,"d":"20.00"},{"v":12,"d":"12.00"},{"v":240,"d":"240.00"}]
[120,"垃圾夹","不锈钢","个",{"v":20,"d":"20.00"},{"v":15,"d":"15.00"},{"v":300,"d":"300.00"}]
[121,"垃圾夹","铁40公分长","个",{"v":20,"d":"20.00"},{"v":8.5,"d":"8.50"},{"v":170,"d":"170.00"}]
[122,"垃圾夹","铁60公分长","个",{"v":20,"d":"20.00"},{"v":10,"d":"10.00"},{"v":200,"d":"200.00"}]
[123,"垃圾桶刷子",null,"把",{"v":20,"d":"20.00"},{"v":30,"d":"30.00"},{"v":600,"d":"600.00"}]
[124,"蓝月亮洗手液","蓝月亮","瓶",{"v":20,"d":"20.00"},{"v":12,"d":"12.00"},{"v":240,"d":"240.00"}]
[125,"捞垃圾网",null,"个",{"v":20,"d":"20.00"},{"v":35,"d":"35.00"},{"v":700,"d":"700.00"}]
[126,"老鼠笼",null,"个",{"v":20,"d":"20.00"},{"v":10,"d":"10.00"},{"v":200,"d":"200.00"}]
[127,"连体雨衣","瑾辰","件",{"v":10,"d":"10.00"},{"v":45,"d":"45.00"},{"v":450,"d":"450.00"}]
[128,"连体雨衣","大自然","件",{"v":10,"d":"10.00"},{"v":55,"d":"55.00"},{"v":550,"d":"550.00"}]
[129,"路障",null,"个",{"v":20,"d":"20.00"},{"v":45,"d":"45.00"},{"v":900,"d":"900.00"}]
[130,"螺丝","膨胀螺丝"," 个",{"v":20,"d":"20.00"},{"v":0.6,"d":"0.60"},{"$f":"E132*F132","v":{"v":12,"d":"12.00"}}]
[131,"马桶刷","仁心","把",{"v":20,"d":"20.00"},{"v":9,"d":"9.00"},{"v":180,"d":"180.00"}]
[132,"马桶吸盘",null,"个",{"v":20,"d":"20.00"},{"v":9,"d":"9.00"},{"v":180,"d":"180.00"}]
[133,"蚂蚁诱杀剂","万友","包",{"v":20,"d":"20.00"},{"v":12,"d":"12.00"},{"v":240,"d":"240.00"}]
[134,"麦格喷头","塑料","个",{"v":50,"d":"50.00"},{"v":7,"d":"7.00"},{"v":350,"d":"350.00"}]
[135,"毛巾","驰诺","条",{"v":20,"d":"20.00"},{"v":15,"d":"15.00"},{"v":300,"d":"300.00"}]
[136,"毛巾","洁丽雅加厚","条",{"v":20,"d":"20.00"},{"v":25.5,"d":"25.50"},{"v":510,"d":"510.00"}]
[137,"毛巾","洁丽雅","条",{"v":20,"d":"20.00"},{"v":13.5,"d":"13.50"},{"v":270,"d":"270.00"}]
[138,"毛巾","普通","条",{"v":20,"d":"20.00"},{"v":6.8,"d":"6.80"},{"v":136,"d":"136.00"}]
[139,"煤气报警器",null,"个",{"v":6,"d":"6.00"},{"v":65,"d":"65.00"},{"v":390,"d":"390.00"}]
[140,"免洗手液","佰衣卫士","瓶",{"v":20,"d":"20.00"},{"v":12,"d":"12.00"},{"v":240,"d":"240.00"}]
[141,"免洗手液","1*36","箱 ",{"v":4,"d":"4.00"},{"v":480,"d":"480.00"},{"v":1920,"d":"1,920.00"}]
[142,"灭火器",null,"个",{"v":20,"d":"20.00"},{"v":45,"d":"45.00"},{"v":900,"d":"900.00"}]
[143,"灭火器加粉",null,"公斤",{"v":20,"d":"20.00"},{"v":6.5,"d":"6.50"},{"v":130,"d":"130.00"}]
[144,"灭火器箱","5公斤","个",{"v":20,"d":"20.00"},{"v":35,"d":"35.00"},{"v":700,"d":"700.00"}]
[145,"灭火毯",null,"条",{"v":20,"d":"20.00"},{"v":26,"d":"26.00"},{"v":520,"d":"520.00"}]
[146,"灭蚊剂",null,"瓶",{"v":20,"d":"20.00"},{"v":12,"d":"12.00"},{"v":240,"d":"240.00"}]
[147,"灭蚊药","万友","瓶",{"v":20,"d":"20.00"},{"v":15,"d":"15.00"},{"v":300,"d":"300.00"}]
[148,"抹布",null,"条",{"v":20,"d":"20.00"},{"v":3,"d":"3.00"},{"v":60,"d":"60.00"}]
[149,"抹布","厚","条",{"v":20,"d":"20.00"},{"v":4.5,"d":"4.50"},{"v":90,"d":"90.00"}]
[150,"木柄拖把","仁心","把",{"v":20,"d":"20.00"},{"v":15,"d":"15.00"},{"v":300,"d":"300.00"}]
[151,"尼龙扫把","仁心","把",{"v":20,"d":"20.00"},{"v":5,"d":"5.00"},{"v":100,"d":"100.00"}]
[152,"尼龙扫把头","仁心","把",{"v":20,"d":"20.00"},{"v":4.5,"d":"4.50"},{"v":90,"d":"90.00"}]
[153,"泥工手套",null,"双",{"v":20,"d":"20.00"},{"v":2.5,"d":"2.50"},{"v":50,"d":"50.00"}]
[154,"尿丸","家鑫","条",{"v":20,"d":"20.00"},{"v":5,"d":"5.00"},{"v":100,"d":"100.00"}]
[155,"耙子","铁耙","把",{"v":20,"d":"20.00"},{"v":20,"d":"20.00"},{"v":400,"d":"400.00"}]
[156,"排拖","仁心","把",{"v":20,"d":"20.00"},{"v":18,"d":"18.00"},{"v":360,"d":"360.00"}]
[157,"泡沫餐盒",null,"件",{"v":7,"d":"7.00"},{"v":75,"d":"75.00"},{"v":525,"d":"525.00"}]
[158,"泡沫清洗剂",null,"瓶",{"v":20,"d":"20.00"},{"v":15,"d":"15.00"},{"v":300,"d":"300.00"}]
[159,"配电房安全帽","梅安思","个",{"v":20,"d":"20.00"},{"v":20,"d":"20.00"},{"v":400,"d":"400.00"}]
[160,"喷壶",null,"个",{"v":20,"d":"20.00"},{"v":25,"d":"25.00"},{"v":500,"d":"500.00"}]
[161,"喷头","合金","个",{"v":20,"d":"20.00"},{"v":7,"d":"7.00"},{"v":140,"d":"140.00"}]
[162,"喷雾器","雨燕","台",{"v":7,"d":"7.00"},{"v":200,"d":"200.00"},{"v":1400,"d":"1,400.00"}]
[163,"皮水带",null,"卷",{"v":8,"d":"8.00"},{"v":160,"d":"160.00"},{"v":1280,"d":"1,280.00"}]
[164,"平板拖把",null,"把",{"v":20,"d":"20.00"},{"v":25,"d":"25.00"},{"v":500,"d":"500.00"}]
[165,"枪式垃圾夹",null,"把 ",{"v":20,"d":"20.00"},{"v":12,"d":"12.00"},{"v":240,"d":"240.00"}]
[166,"枪手",null,"瓶",{"v":20,"d":"20.00"},{"v":15,"d":"15.00"},{"v":300,"d":"300.00"}]
[167,"强光手电筒","科虎","把",{"v":7,"d":"7.00"},{"v":55,"d":"55.00"},{"v":385,"d":"385.00"}]
[168,"强光手提照明灯",null,"把",{"v":5,"d":"5.00"},{"v":70,"d":"70.00"},{"v":350,"d":"350.00"}]
[169,"清洁毛巾","普通","条",{"v":20,"d":"20.00"},{"v":5,"d":"5.00"},{"v":100,"d":"100.00"}]
[170,"清洁球","洁辉","个",{"v":20,"d":"20.00"},{"v":0.8,"d":"0.80"},{"v":16,"d":"16.00"}]
[171,"取水插杆",null,"套",{"v":20,"d":"20.00"},{"v":10,"d":"10.00"},{"v":200,"d":"200.00"}]
[172,"取水器",null,"个",{"v":20,"d":"20.00"},{"v":18,"d":"18.00"},{"v":360,"d":"360.00"}]
[173,"取水器防护桶",null,"个",{"v":20,"d":"20.00"},{"v":15,"d":"15.00"},{"v":300,"d":"300.00"}]
[174,"全棉工作服","纯棉","套",{"v":10,"d":"10.00"},{"v":120,"d":"120.00"},{"v":1200,"d":"1,200.00"}]
[175,"热水壶",null,"个",{"v":10,"d":"10.00"},{"v":75,"d":"75.00"},{"v":750,"d":"750.00"}]
[176,"三轮车充电器",null,"个",{"v":5,"d":"5.00"},{"v":300,"d":"300.00"},{"v":1500,"d":"1,500.00"}]
[177,"三通接头",null,"个",{"v":20,"d":"20.00"},{"v":0.6,"d":"0.60"},{"v":12,"d":"12.00"}]
[178,"纱手套","金牌","双",{"v":20,"d":"20.00"},{"v":1.5,"d":"1.50"},{"v":30,"d":"30.00"}]
[179,"纱手套","恒兴800","双",{"v":20,"d":"20.00"},{"v":1.2,"d":"1.20"},{"v":24,"d":"24.00"}]
[180,"烧碱",null,"包",{"v":20,"d":"20.00"},{"v":15,"d":"15.00"},{"v":300,"d":"300.00"}]
[181,"伸缩喷雾杆","不锈钢3米","根",{"v":20,"d":"20.00"},{"v":35,"d":"35.00"},{"v":700,"d":"700.00"}]
[182,"石灰","精石灰","斤",{"v":20,"d":"20.00"},1.35,{"v":27,"d":"27.00"}]
[183,"石灰助剂","50斤/包","包",{"v":4,"d":"4.00"},{"v":200,"d":"200.00"},{"v":800,"d":"800.00"}]
[184,"石灰助剂",null,"斤",{"v":20,"d":"20.00"},{"v":4,"d":"4.00"},{"v":80,"d":"80.00"}]
[185,"手电筒",null,"把",{"v":10,"d":"10.00"},{"v":42,"d":"42.00"},{"v":420,"d":"420.00"}]
[186,"疏散指示灯",null,"个",{"v":20,"d":"20.00"},{"v":17,"d":"17.00"},{"v":340,"d":"340.00"}]
[187,"刷漆桶",null,"个",{"v":20,"d":"20.00"},{"v":2,"d":"2.00"},{"v":40,"d":"40.00"}]
[188,"刷子","4寸","把",{"v":20,"d":"20.00"},{"v":3,"d":"3.00"},{"v":60,"d":"60.00"}]
[189,"水带卡扣",null,"个",{"v":20,"d":"20.00"},{"v":0.8,"d":"0.80"},{"v":16,"d":"16.00"}]
[190,"水管接头","塑料","个",{"v":20,"d":"20.00"},{"v":3,"d":"3.00"},{"v":60,"d":"60.00"}]
[191,"水管接头","塑料","个",{"v":20,"d":"20.00"},{"v":3,"d":"3.00"},{"v":60,"d":"60.00"}]
[192,"水基灭火器","3L","瓶",{"v":2,"d":"2.00"},{"v":78,"d":"78.00"},{"v":156,"d":"156.00"}]
[193,"水泥桶",null,"只",{"v":20,"d":"20.00"},{"v":8,"d":"8.00"},{"v":160,"d":"160.00"}]
[194,"水桶","各类规格","个",{"v":10,"d":"10.00"},{"v":10,"d":"10.00"},{"$f":"E196*F196","v":{"v":100,"d":"100.00"}}]
[195,"水桶","300升","个",{"v":5,"d":"5.00"},{"v":200,"d":"200.00"},{"v":1000,"d":"1,000.00"}]
[196,"水位标尺",null,"把",{"v":10,"d":"10.00"},{"v":60,"d":"60.00"},{"v":600,"d":"600.00"}]
[197,"饲料","宏成","袋",{"v":30,"d":"30.00"},{"v":235,"d":"235.00"},{"v":7050,"d":"7,050.00"}]
[198,"塑料凳子",null,"条",{"v":20,"d":"20.00"},{"v":22,"d":"22.00"},{"v":440,"d":"440.00"}]
[199,"塑料警示柱",null,"根",{"v":50,"d":"50.00"},{"v":15,"d":"15.00"},{"v":750,"d":"750.00"}]
[200,"塑料鼠饵盒","塑料","个",{"v":20,"d":"20.00"},{"v":4.2,"d":"4.20"},{"v":84,"d":"84.00"}]
[201,"塑料桶","200升","个",{"v":4,"d":"4.00"},{"v":130,"d":"130.00"},{"v":520,"d":"520.00"}]
[202,"塑料温室薄膜",null,"公斤",{"v":10,"d":"10.00"},{"v":14.5,"d":"14.50"},{"v":145,"d":"145.00"}]
[203,"塑木公园椅",null,"张",{"v":7,"d":"7.00"},{"v":620,"d":"620.00"},{"v":4340,"d":"4,340.00"}]
[204,"檀香","金刚1*40","箱",{"v":8,"d":"8.00"},{"v":260,"d":"260.00"},{"v":2080,"d":"2,080.00"}]
[205,"檀香","大号观音1*40","箱",{"v":8,"d":"8.00"},{"v":280,"d":"280.00"},{"v":2240,"d":"2,240.00"}]
[206,"檀香托盘",null,"个",{"v":20,"d":"20.00"},{"v":8,"d":"8.00"},{"v":160,"d":"160.00"}]
[207,"逃生面具",null,"套",{"v":20,"d":"20.00"},{"v":35,"d":"35.00"},{"v":700,"d":"700.00"}]
[208,"陶粒",null,"袋",{"v":20,"d":"20.00"},{"v":18,"d":"18.00"},{"v":360,"d":"360.00"}]
[209,"铁撮箕",null,"个",{"v":20,"d":"20.00"},{"v":8,"d":"8.00"},{"v":160,"d":"160.00"}]
[210,"铁锹",null,"把",{"v":50,"d":"50.00"},{"v":12.5,"d":"12.50"},{"v":625,"d":"625.00"}]
[211,"铁锹把",null,"根",{"v":20,"d":"20.00"},{"v":10,"d":"10.00"},{"v":200,"d":"200.00"}]
[212,"铁锹把",null,"根",{"v":20,"d":"20.00"},{"v":8,"d":"8.00"},{"v":160,"d":"160.00"}]
[213,"铁锹把","木","根",{"v":20,"d":"20.00"},{"v":5,"d":"5.00"},{"v":100,"d":"100.00"}]
[214,"桶子",null,"个",{"v":20,"d":"20.00"},{"v":6,"d":"6.00"},{"v":120,"d":"120.00"}]
[215,"涂白剂","润德","包",{"v":10,"d":"10.00"},{"v":80,"d":"80.00"},{"v":800,"d":"800.00"}]
[216,"拖把",null,"把",{"v":20,"d":"20.00"},{"v":18,"d":"18.00"},{"v":360,"d":"360.00"}]
[217,"拖把",null,"把",{"v":20,"d":"20.00"},{"v":15,"d":"15.00"},{"v":300,"d":"300.00"}]
[218,"弯头",null,"个",{"v":20,"d":"20.00"},{"v":0.7,"d":"0.70"},{"v":14,"d":"14.00"}]
[219,"网兜",null,"个",{"v":8,"d":"8.00"},{"v":28,"d":"28.00"},{"v":224,"d":"224.00"}]
[220,"威猛","威猛先生","瓶",{"v":20,"d":"20.00"},{"v":18,"d":"18.00"},{"v":360,"d":"360.00"}]
[221,"威猛去污剂","威猛先生","瓶",{"v":11,"d":"11.00"},{"v":18,"d":"18.00"},{"v":198,"d":"198.00"}]
[222,"微型消防站",null,"个",{"v":5,"d":"5.00"},{"v":500,"d":"500.00"},{"v":2500,"d":"2,500.00"}]
[223,"蚊香","山峰","盒",{"v":20,"d":"20.00"},{"v":3.5,"d":"3.50"},{"v":70,"d":"70.00"}]
[224,"蚊香（普通）","山峰","盒",{"v":20,"d":"20.00"},{"v":3,"d":"3.00"},{"v":60,"d":"60.00"}]
[225,"无纺布","耐腐蚀","卷",{"v":10,"d":"10.00"},{"v":850,"d":"850.00"},{"v":8500,"d":"8,500.00"}]
[226,"无纺布","普通","卷",{"v":6,"d":"6.00"},{"v":640,"d":"640.00"},{"v":3840,"d":"3,840.00"}]
[227,"五公斤灭火器箱子",null,"个",{"v":20,"d":"20.00"},{"v":30,"d":"30.00"},{"v":600,"d":"600.00"}]
[228,"吸水拖把","仁心","把",{"v":20,"d":"20.00"},{"v":18,"d":"18.00"},{"v":360,"d":"360.00"}]
[229,"稀释剂",null,"桶",{"v":8,"d":"8.00"},{"v":160,"d":"160.00"},{"v":1280,"d":"1,280.00"}]
[230,"洗厕液",null,"桶",{"v":20,"d":"20.00"},{"v":35,"d":"35.00"},{"v":700,"d":"700.00"}]
[231,"洗洁精","立白1*12","箱",{"v":8,"d":"8.00"},{"v":125,"d":"125.00"},{"v":1000,"d":"1,000.00"}]
[232,"洗洁精","雕牌1*12","箱",{"v":20,"d":"20.00"},{"v":125,"d":"125.00"},{"v":2500,"d":"2,500.00"}]
[233,"洗洁精","大桶","桶",{"v":20,"d":"20.00"},{"v":35,"d":"35.00"},{"v":700,"d":"700.00"}]
[234,"洗石水",null,"瓶 ",{"v":20,"d":"20.00"},{"v":25,"d":"25.00"},{"v":500,"d":"500.00"}]
[235,"洗手液","蓝月亮","瓶",{"v":20,"d":"20.00"},{"v":12,"d":"12.00"},{"v":240,"d":"240.00"}]
[236,"洗手液","大","桶",{"v":10,"d":"10.00"},{"v":65,"d":"65.00"},{"v":650,"d":"650.00"}]
[237,"洗手液",null,"瓶",{"v":14,"d":"14.00"},{"v":12,"d":"12.00"},{"v":168,"d":"168.00"}]
[238,"洗手液盒",null,"个",{"v":10,"d":"10.00"},{"v":28,"d":"28.00"},{"v":280,"d":"280.00"}]
[239,"洗手液盒",null,"个",{"v":10,"d":"10.00"},{"v":35,"d":"35.00"},{"v":350,"d":"350.00"}]
[240,"洗手液盒子",null,"个",{"v":10,"d":"10.00"},{"v":65,"d":"65.00"},{"v":650,"d":"650.00"}]
[241,"洗衣粉","立白1*24","袋",{"v":13,"d":"13.00"},{"v":55,"d":"55.00"},{"v":715,"d":"715.00"}]
[242,"洗衣粉","雕牌1*24","袋",{"v":10,"d":"10.00"},{"v":65,"d":"65.00"},{"v":650,"d":"650.00"}]
[243,"下水裤","鸿源","套",{"v":10,"d":"10.00"},{"v":65,"d":"65.00"},{"v":650,"d":"650.00"}]
[244,"下水裤","益满仓","套",{"v":10,"d":"10.00"},{"v":85,"d":"85.00"},{"v":850,"d":"850.00"}]
[245,"香蕉水",null,"桶",{"v":20,"d":"20.00"},{"v":120,"d":"120.00"},{"v":2400,"d":"2,400.00"}]
[246,"香精球","1*500个","箱",{"v":12,"d":"12.00"},{"v":500,"d":"500.00"},{"v":6000,"d":"6,000.00"}]
[247,"消防扳手",null,"支",{"v":20,"d":"20.00"},{"v":20,"d":"20.00"},{"v":400,"d":"400.00"}]
[248,"消防扳手","加厚","支",{"v":20,"d":"20.00"},{"v":45,"d":"45.00"},{"v":900,"d":"900.00"}]
[249,"消防铲",null,"把",{"v":20,"d":"20.00"},{"v":15,"d":"15.00"},{"v":300,"d":"300.00"}]
[250,"消防服","三奇安","套",{"v":5,"d":"5.00"},{"v":120,"d":"120.00"},{"v":600,"d":"600.00"}]
[251,"消防服",null,"套",{"v":10,"d":"10.00"},{"v":180,"d":"180.00"},{"v":1800,"d":"1,800.00"}]
[252,"消防斧",null,"根",{"v":20,"d":"20.00"},{"v":25,"d":"25.00"},{"v":500,"d":"500.00"}]
[253,"消防帽",null,"顶",{"v":20,"d":"20.00"},{"v":55,"d":"55.00"},{"v":1100,"d":"1,100.00"}]
[254,"消防面具",null,"个",{"v":20,"d":"20.00"},{"v":18,"d":"18.00"},{"v":360,"d":"360.00"}]
[255,"消防盘管",null,"卷",{"v":6,"d":"6.00"},{"v":118,"d":"118.00"},{"v":708,"d":"708.00"}]
[256,"消防绳","三奇安","根",{"v":10,"d":"10.00"},{"v":30,"d":"30.00"},{"v":300,"d":"300.00"}]
[257,"消防手套","三奇安","双",{"v":10,"d":"10.00"},{"v":24,"d":"24.00"},{"v":240,"d":"240.00"}]
[258,"消防水带","龙涛","条",{"v":10,"d":"10.00"},{"v":65,"d":"65.00"},{"$f":"E260*F260","v":{"v":650,"d":"650.00"}}]
[259,"消防水带",null,"根",{"v":10,"d":"10.00"},{"v":135,"d":"135.00"},{"v":1350,"d":"1,350.00"}]
[260,"消防水带接扣",null,"组",{"v":10,"d":"10.00"},{"v":25,"d":"25.00"},{"v":250,"d":"250.00"}]
[261,"消防水枪头","四海","个",{"v":10,"d":"10.00"},{"v":15,"d":"15.00"},{"v":150,"d":"150.00"}]
[262,"消防头盔","三奇安","个",{"v":10,"d":"10.00"},{"v":35,"d":"35.00"},{"v":350,"d":"350.00"}]
[263,"消防鞋","三奇安","双",{"v":10,"d":"10.00"},{"v":100,"d":"100.00"},{"v":1000,"d":"1,000.00"}]
[264,"消防靴","三奇安","双",{"v":7,"d":"7.00"},{"v":180,"d":"180.00"},{"v":1260,"d":"1,260.00"}]
[265,"消防腰带",null,"条",{"v":20,"d":"20.00"},{"v":40,"d":"40.00"},{"v":800,"d":"800.00"}]
[266,"消防应急照明灯",null,"只",{"v":20,"d":"20.00"},{"v":30,"d":"30.00"},{"v":600,"d":"600.00"}]
[267,"消杀喷壶","2.5L","把",{"v":20,"d":"20.00"},{"v":25,"d":"25.00"},{"v":500,"d":"500.00"}]
[268,"小便池垫子",null,"块",{"v":20,"d":"20.00"},{"v":3.5,"d":"3.50"},{"v":70,"d":"70.00"}]
[269,"小垃圾袋","100个/卷","卷",{"v":20,"d":"20.00"},{"v":2,"d":"2.00"},{"v":40,"d":"40.00"}]
[270,"小垃圾袋","1*3000","箱",{"v":14,"d":"14.00"},{"v":200,"d":"200.00"},{"v":2800,"d":"2,800.00"}]
[271,"小垃圾桶",null,"个",{"v":20,"d":"20.00"},{"v":8,"d":"8.00"},{"v":160,"d":"160.00"}]
[272,"小竹扫把",null,"把",{"v":50,"d":"50.00"},{"v":8.5,"d":"8.50"},{"v":425,"d":"425.00"}]
[273,"袖套",null,"双",{"v":20,"d":"20.00"},{"v":3.5,"d":"3.50"},{"v":70,"d":"70.00"}]
[274,"腰斧",null,"把",{"v":20,"d":"20.00"},{"v":25,"d":"25.00"},{"v":500,"d":"500.00"}]
[275,"一次性餐盒","塑料1*280","箱",{"v":16,"d":"16.00"},{"v":160,"d":"160.00"},{"v":2560,"d":"2,560.00"}]
[276,"一次性餐盒","方盒1*280","箱",{"v":18,"d":"18.00"},{"v":160,"d":"160.00"},{"v":2880,"d":"2,880.00"}]
[277,"一次性筷子","竹翊辰","袋",{"v":20,"d":"20.00"},{"v":75,"d":"75.00"},{"v":1500,"d":"1,500.00"}]
[278,"一次性泡沫餐盒","泡沫1*200","箱",{"v":20,"d":"20.00"},{"v":75,"d":"75.00"},{"v":1500,"d":"1,500.00"}]
[279,"一次性雨衣",null,"件",{"v":20,"d":"20.00"},{"v":2.5,"d":"2.50"},{"v":50,"d":"50.00"}]
[280,"一次性雨衣",null,"件",{"v":20,"d":"20.00"},{"v":4,"d":"4.00"},{"v":80,"d":"80.00"}]
[281,"一次性纸杯","绿峰1*1000","箱",{"v":8,"d":"8.00"},{"v":200,"d":"200.00"},{"v":1600,"d":"1,600.00"}]
[282,"迎宾垫",null,"块",{"v":5,"d":"5.00"},{"v":165,"d":"165.00"},{"v":825,"d":"825.00"}]
[283,"应急灯",null,"个",{"v":20,"d":"20.00"},{"v":25,"d":"25.00"},{"v":500,"d":"500.00"}]
[284,"油桶","30L加厚","个",{"v":20,"d":"20.00"},{"v":65,"d":"65.00"},{"v":1300,"d":"1,300.00"}]
[285,"雨棚",null,"顶",{"v":12,"d":"12.00"},{"v":300,"d":"300.00"},{"v":3600,"d":"3,600.00"}]
[286,"雨鞋","详橱牌","双",{"v":30,"d":"30.00"},{"v":29,"d":"29.00"},{"v":870,"d":"870.00"}]
[287,"雨鞋","马尚友","双",{"v":30,"d":"30.00"},{"v":25,"d":"25.00"},{"v":750,"d":"750.00"}]
[288,"雨鞋","金路莱","双",{"v":20,"d":"20.00"},{"v":35,"d":"35.00"},{"v":700,"d":"700.00"}]
[289,"雨衣","详橱牌","件",{"v":20,"d":"20.00"},{"v":55,"d":"55.00"},{"v":1100,"d":"1,100.00"}]
[290,"雨衣","金路莱","件",{"v":20,"d":"20.00"},{"v":65,"d":"65.00"},{"v":1300,"d":"1,300.00"}]
[291,"雨衣","风雨娇子","件",{"v":20,"d":"20.00"},{"v":55,"d":"55.00"},{"v":1100,"d":"1,100.00"}]
[292,"圆头拖把","仁心","把",{"v":30,"d":"30.00"},{"v":15,"d":"15.00"},{"v":450,"d":"450.00"}]
[293,"圆形尿池垫",null,"片",{"v":50,"d":"50.00"},{"v":3.5,"d":"3.50"},{"v":175,"d":"175.00"}]
[294,"粘鼠板","海龙","块",{"v":20,"d":"20.00"},{"v":4,"d":"4.00"},{"v":80,"d":"80.00"}]
[295,"粘鼠板","家鑫","块",{"v":20,"d":"20.00"},{"v":3,"d":"3.00"},{"v":60,"d":"60.00"}]
[296,"长胶手套","新东方","双",{"v":20,"d":"20.00"},{"v":5,"d":"5.00"},{"v":100,"d":"100.00"}]
[297,"长胶手套",null,"双",{"v":20,"d":"20.00"},{"v":5,"d":"5.00"},{"v":100,"d":"100.00"}]
[298,"蒸馏水","40L","桶",{"v":20,"d":"20.00"},{"v":85,"d":"85.00"},{"v":1700,"d":"1,700.00"}]
[299,"志愿者衣帽","涤纶","套",{"v":20,"d":"20.00"},{"v":15,"d":"15.00"},{"v":300,"d":"300.00"}]
[300,"中号垃圾袋","1*1000","袋",{"v":12,"d":"12.00"},{"v":485,"d":"485.00"},{"v":5820,"d":"5,820.00"}]
[301,"中性清洁剂",null,"桶",{"v":20,"d":"20.00"},{"v":25,"d":"25.00"},{"v":500,"d":"500.00"}]
[302,"竹篱笆",null,"片",{"v":20,"d":"20.00"},{"v":0.9,"d":"0.90"},{"v":18,"d":"18.00"}]
[303,"子弹喷头",null,"个",{"v":50,"d":"50.00"},{"v":12,"d":"12.00"},{"v":600,"d":"600.00"}]
[304,"自动清新机",null,"台",{"v":30,"d":"30.00"},{"v":45,"d":"45.00"},{"v":1350,"d":"1,350.00"}]
["合计",{"$nulls":5},{"$f":"SUM(G3:G306)","v":{"v":225010.38,"d":"225,010.38"}}]
["注：材料单价含材料税金、管理费利润规费等相关费用，工程量、项目特征由文旅公司提供，结算按实结算"]